000 00888nas a2200265 454500
001 37078
005 20260407193509.0
008 260407s1966####ag###########|||spa#d
003 AR-UNSa-BCEJYS
040 _aAR-UNSa-BCEJYS
_bspa
_cAR-UNSa-BCEJYS
080 _a339.5
_xComercio exterior. Comercio Internacional
245 1 0 _aIntereconomics
_pmonthly review of international trade and development
022 _a0020-5346
264 1 _aHamburg :
_bVerlag Weltarchiv
_c1966
310 _aFrecuencia: Irregular
041 _aspa
942 _cSER
590 _aniveau_biblio:s niveau_hierar:1
100 1 _aThe Hamburg Institute for International Economics
700 1 _aOrtlieb, Heinz-Dietrich
650 _aCondiciones económicas
650 _aAlemania
650 _aCOMERCIO EXTERIOR
856 4 1 _uhttps://170.210.207.44/pmb/images/revistas/R19305.jpg
_yImagen de portada
_qimage/jpeg
999 _c8805
_d8805